| 000 | 00326nam a2200109Ia 4500 | ||
|---|---|---|---|
| 008 | 230907s9999||||xx |||||||||||||| ||und|| | ||
| 082 | _a621.31042,ZHO | ||
| 100 |
_aZhong, Qing-Chang. _984495 |
||
| 245 | 0 | _aControl of power inverters in renewable energy and smart grid integration / | |
| 300 | _axxv, 411 pages : | ||
| 942 | _cBK | ||
| 999 |
_c597684 _d597684 |
||